000 00304nam a2200121Ia 4500
008 220204s9999 xx 000 0 und d
082 _a635.1
_bBOR
100 _aBoraiah, G
245 0 _aSome aspects of vegetation at Nandi Hills
260 _aBangalore
_bUAS
_c1970
700 _aFathima, T
942 _cBK
999 _c21922
_d21922